00479 2200181 4500001002100000005001500021008004100036020001800077035001900095041000700114082001000121090001600131100001600147245005200163260004100215300002400256650001700280INLIS00000000000911320241224113751241224||||||||| | ||| |||| || |  a979-3084-76-6 0010-1224009113 aid0 a635.7 a635.7 KHA k0 aTim Lentera00aKhasiat dan Manfaat Jahe Merah si Rimpang ajaib aJakartabPT. AgroMedia Pustakac2000 aviii+88 hlm;23,5 cm 0aTanaman Obat